000 00437nam a2200157 i 4500
001 47152
003 ES-MaACL
007 t|
008 030404s1982 sp ||||1| spa d
245 0 3 _aLa construcción y el fuego.
260 _a[Madrid] :
_bFundación Mapfre,
_c[1982]
300 _aVIII, 438 p. :
_bil. ;
_c21 cm.
710 2 _aFundación MAPFRE
_94362
852 _aES-MaACL
_jL-4306
_bR.104438
999 _c47152
_d47152